000
00303nam a22001337a 4500
008
171228b xxu||||| |||| 00| 0 eng d
020
_a
658460001
041
_a
eng
080
_a
331
100
_a
52
101
_a
EKO
245
_a
Taking the Voodoo out of Economics
_c
Genetski, R.J
942
_2
udc
_c
BK
999
_c
39532
_d
39532